| 000 | 00629nam a2200181 i 4500 | ||
|---|---|---|---|
| 001 | 167034 | ||
| 003 | ES-MaACL | ||
| 005 | 20230906213439.0 | ||
| 008 | 050923s1885 fr | |||||||| ||fre d | ||
| 040 |
_aCAM _bspa _cCAM |
||
| 100 | 1 |
_aVasili, Paul _ccomte ( _d1858-1941) _9133568 |
|
| 245 | 1 | 3 |
_aLa société de Vienne / _cComte Paul Vasili; augm. de lettres inédites. |
| 250 | _a12e éd. | ||
| 260 |
_aParis : _bNouvelle Revue, _c1885 ( _fTypographie Georges Chamerot) |
||
| 300 |
_a446 p. ; _c24 cm. |
||
| 651 | 4 |
_aViena- _xUsos y costumbres. _9162185 |
|
| 852 |
_aES-MaACL _jG-8466 _z-- Enc. hol. conservando la cub. original |
||
| 999 |
_c167034 _d167034 |
||